000 00474nam a22001937a 4500
003 CEME
005 20210628202500.0
008 210316b xxu||||| |||| 00| 0 eng d
020 _a0-201-08319-1
040 _c.
082 _a005.133 WIN'L
100 _aWinston, P.H Horn, B.K.P
_960096
245 _aLisp
250 _a3RD
260 _aNEWYORK
_bADDISION-WESLEY
_c1989
300 _a611P
650 _aLISP(COMPUTER PROGRAMMING LANGUAGE)
_960097
942 _cBK
_2ddc
999 _c569917
_d569917